Movimientos revolucionarios en las colonias españolas de América

Kaydedildi:
Detaylı Bibliyografya
Yazar: Machado Ribas, Lincoln (autor)
Materyal Türü: Kitap
Dil:İspanyolca
Baskı/Yayın Bilgisi: Buenos Aires Claridad 1940
Edisyon:2a. ed
Seri Bilgileri:Biblioteca de Obras Famosas, 52
Konular:
Etiketler: Etiketle
Etiket eklenmemiş, İlk siz ekleyin!

MARC

LEADER 00000nam a2200000 a 4500
001 UCP7613
003 CL-VaPUC
008 991217e19400000AG |||||||||||||||||spa|d
082 0 4 |a 321.094  |b MAC  |2 21 
100 |a Machado Ribas, Lincoln  |e autor  |9 437071 
245 1 0 |a Movimientos revolucionarios en las colonias españolas de América 
250 |a 2a. ed 
300 |a 234 p 
942 |c BK 
945 |d 19991217 00:00:00  |a crobeson 
260 |a Buenos Aires  |b Claridad  |c 1940 
650 7 |a REVOLUCIONES POLITICAS  |2 CL-VaPUC  |9 437072 
650 0 |a Colonias españolas  |9 267778 
650 0 |a Movimientos sociales  |9 315241 
650 7 |a EMANCIPACION  |2 CL-VaPUC  |9 414261 
650 7 |a CRIOLLOS  |2 CL-VaPUC  |9 373432 
583 |a last modification  |c 19991217 00:00:00  |k Rodrigo Vera 
490 0 |a Biblioteca de Obras Famosas, 52 
999 |c 284732  |d 284730 
952 |0 0  |1 0  |4 0  |6 321_094000000000000_MAC_1940  |7 0  |8 X  |9 328923  |a BIBHIS  |b BIBHIS  |d 2019-11-20  |i 1372688  |o 321.094 MAC 1940  |p 1372688  |r 2024-01-30  |w 2019-11-20  |y BK_X  |k HIS